LOLA - hľadanie vhodných alternatív

Spotrebiteľsko občianska sieť (Consumer Citizenship Network - CCN) - interdisciplinárna sieť pedagógov, výskumníkov a zástupcov mimovládnych organizácií, ktorí skúmajú, ako môže jedinec v role spotrebiteľa konštruktívne prispieť k udržateľnému rozvoju a solidarite. Projekt LOLA (Looking for likely a...

Descrizione completa

Salvato in:
Dettagli Bibliografici
Autore principale: Vokounová, Dana, 1962-
Natura: Capitolo di libro
Lingua:slovacco
Soggetti:
Tags: Aggiungi Tag
Nessun Tag, puoi essere il primo ad aggiungerne!!

MARC

LEADER 00000naa$a2200000$$$4500
001 0048341
005 20240502071545.4
041 0 |a slo 
044 |a SK 
245 1 0 |a LOLA - hľadanie vhodných alternatív  |c Dana Vokounová 
520 |a Spotrebiteľsko občianska sieť (Consumer Citizenship Network - CCN) - interdisciplinárna sieť pedagógov, výskumníkov a zástupcov mimovládnych organizácií, ktorí skúmajú, ako môže jedinec v role spotrebiteľa konštruktívne prispieť k udržateľnému rozvoju a solidarite. Projekt LOLA (Looking for likely alternatives). Charakteristika, ciele a význam projektu LOLA. 
610 2 0 |a rozvoj trvalo udržateľný 
610 2 0 |a spotrebitelia 
610 2 0 |a vzdelávanie 
610 2 0 |a správanie 
610 2 0 |a inovácia 
610 2 0 |a projekty 
100 1 |a Vokounová, Dana, 1962-